Culture Générale - Série 2421 - Statistiques

Statistiques générales
  • Ce quiz a été pris 172 fois
  • Le résultat moyen est 8 sur 10
Statistiques - réponses
Question Réponse % Correct
Année de la chute du mur de Berlin 1989
98%
En informatique, comment appelle-t-on un message électronique intempestif et indésirable ? spam
93%
Dans quelle ville se situe le pont du Golden Gate ? San Francisco
87%
Qui a chanté "La femme chocolat" en 2008 ? prénom et nom Olivia Ruiz
82%
Quel pays a pour capitale Oulan-Bator ? Mongolie
81%
Quel est le prénom de l'auteur du roman "Madame Bovary" ? Gustave
72%
En quelle année a été signé le traité de Maastricht ? 1992
70%
Quel animal est Jappeloup dans le film du même nom de 2013 ? cheval
68%
Quel est le nom du magazine pour hommes créé en1953 par Hugh Hefner ? playboy
65%
Titre d'une série télévisée diffusée sur Canal+ dans laquelle Camille Cottin pousse à outrance le pire comportement que l'on puisse attendre de la plus méchante des créatures. voir photo Connasse
46%
Aucun quiz correspondant
Distribution des résultats
% des personnes avec chaque résultat
Percentile par nombre de réponses
Votre historique - résultats
Vous n’avez pas pris ce quiz